| 000 | 00549nam a2200193 u 4500 | ||
|---|---|---|---|
| 005 | 20231101063711.0 | ||
| 008 | 170530s20022012 r 000 0 eng d | ||
| 020 | _a9701883438 | ||
| 035 | _aUPN01000218256 | ||
| 049 | _aCG | ||
| 050 | 4 |
_aPQ7298.422 O6.3 _bD4.5 |
|
| 100 | 1 |
_aLópez Pineda, Darío Manuel _940735 |
|
| 245 | 1 | 0 |
_aDémosle la palabra a la poesía / _cDarío Manuel López Pineda. |
| 260 |
_aMéxico : _bIPN, _c2002 (2012 impr.). |
||
| 300 | _a163 p. | ||
| 650 | 4 |
_aPoesía mexicana _91273 |
|
| 905 | _aLibro | ||
| 999 |
_c190356 _d190356 |
||